| 000 | 00887nam a22003015i 4500 | ||
|---|---|---|---|
| 001 | 22496660 | ||
| 003 | OSt | ||
| 005 | 20230317093455.0 | ||
| 008 | 220406s2022 cau 000 0 eng | ||
| 010 | _a 2022936332 | ||
| 020 | _a1526446893 | ||
| 040 |
_aDLC _beng _erda _cDLC |
||
| 042 | _apcc | ||
| 050 |
_aHF5415.123 _b.E43 2020 |
||
| 100 | 1 |
_aEgan, John, _eauthor. |
|
| 245 | 1 | 0 |
_aMarketing communications / _cJohn Egan. |
| 250 | _a3rd ed. | ||
| 263 | _a2212 | ||
| 264 | 1 |
_aThousand Oaks : _bSAGE Publishing, _c2020 |
|
| 300 | _axi, 398p. | ||
| 336 |
_atext _btxt _2rdacontent |
||
| 337 |
_aunmediated _bn _2rdamedia |
||
| 338 |
_avolume _bnc _2rdacarrier |
||
| 520 |
_a"This is the fourth edition of 'Marketing Communications' by John Egan"-- _cProvided by publisher. |
||
| 906 |
_a0 _bibc _corignew _d2 _eepcn _f20 _gy-gencatlg |
||
| 942 |
_2lcc _cBK |
||
| 999 |
_c20074 _d20073 |
||